000 00598nam a22002175a 4500
001 35159
005 20180226055619.0
008 910124t19901987nyu 000 0 eng
010 _a 91108677
020 _a0387963413
020 _a3540963413
040 _aDLC
_cDLC
041 _aeng
080 _a577
100 _a5
101 _aKIM
245 0 0 _aBiochemistry /
_cedited by Thomas Briggs, Albert M. Chandler ; with contributions by Thomas Briggs ... [et al.].
906 _a7
_bibc
_corignew
_d3
_encip
_f19
_gy-gencatlg
942 _2ddc
_cBK
999 _c43444
_d43444